[Event "Campeonato España Sub 12"]
[Site "Salobreña"]
[Date "2017.07.13"]
[Round "6"]
[White "Luque Saiz, Andres"]
[Black "Roldan Marques, Marta"]
[Result "1-0"]
[Board "9"]
[WhiteClock "1:30"]
[WhiteElo "1821"]
[WhiteCountry "ESP"]
[WhiteFideId "24510793"]
[WhiteEloChange "3"]
[BlackClock "1:30"]
[BlackElo "1498"]
[BlackCountry "ESP"]
[BlackFideId "32099436"]
[BlackEloChange "-3"]

1. d4 {[%clk 1:30:00]} d5 {[%clk 1:30:00]} 2. c4 {[%clk 1:31:00]} e6 {[%clk
1:30:00]} 3. Nc3 {[%clk 1:31:00]} Nf6 {[%clk 1:30:00]} 4. Bg5 {[%clk 1:31:00]}
Be7 {[%clk 1:31:00]} 5. cxd5 {[%clk 1:31:00]} exd5 {[%clk 1:30:00]} 6. e3 {[%clk
1:31:00]} c6 {[%clk 1:28:00]} 7. Bd3 {[%clk 1:31:00]} Bg4 {[%clk 1:15:00]} 8. Qc2
{[%clk 1:28:00]} Nbd7 {[%clk 1:14:00]} 9. Nge2 {[%clk 1:28:00]} Bxe2 {[%clk
1:07:00]} 10. Bxe2 {[%clk 1:28:00]} Ne4 {[%clk 1:07:00]} 11. Nxe4 {[%clk
1:27:00]} Bxg5 {[%clk 1:07:00]} 12. Nd6+ {[%clk 1:27:00]} Ke7 {[%clk 0:45:00]}
13. Nxb7 {[%clk 1:19:00]} Qb6 {[%clk 0:45:00]} 14. Nc5 {[%clk 1:20:00]} Nxc5
{[%clk 0:46:00]} 15. Qxc5+ {[%clk 1:18:00]} Qxc5 {[%clk 0:46:00]} 16. dxc5 {[%clk
1:18:00]} Bf6 {[%clk 0:46:00]} 17. Rb1 {[%clk 1:19:00]} Rab8 {[%clk 0:46:00]} 18.
b3 {[%clk 1:18:00]} Bc3+ {[%clk 0:43:00]} 19. Kd1 {[%clk 1:18:00]} Bb4 {[%clk
0:44:00]} 20. Rc1 {[%clk 1:11:00]} Ba3 {[%clk 0:41:00]} 21. Rc2 {[%clk 1:11:00]}
a5 {[%clk 0:41:00]} 22. Bf3 {[%clk 1:11:00]} a4 {[%clk 0:40:00]} 23. Ke2 {[%clk
1:11:00]} axb3 {[%clk 0:39:00]} 24. axb3 {[%clk 1:12:00]} Rb5 {[%clk 0:31:00]}
25. Ra1 {[%clk 1:10:00]} Rxc5 {[%clk 0:26:00]} 26. Rxc5 {[%clk 1:07:00]} Bxc5
{[%clk 0:27:00]} 27. e4 {[%clk 1:03:00]} dxe4 {[%clk 0:22:00]} 28. Bxe4 {[%clk
1:04:00]} Bd4 {[%clk 0:23:00]} 29. Ra4 {[%clk 0:58:00]} c5 {[%clk 0:22:00]} 30.
Ra7+ {[%clk 0:59:00]} Ke6 {[%clk 0:22:00]} 31. Bd3 {[%clk 0:58:00]} Re8 {[%clk
0:20:00]} 32. Kf3 {[%clk 0:56:00]} Re7 {[%clk 0:18:18]} 33. Bc4+ {[%clk 0:56:00]}
Kd6 {[%clk 0:18:07]} 34. Ra6+ {[%clk 0:55:00]} Ke5 {[%clk 0:18:18]} 35. Kg3
{[%clk 0:54:00]} g5 {[%clk 0:09:21]} 36. f3 {[%clk 0:46:00]} h5 {[%clk 0:07:51]}
37. h4 {[%clk 0:45:00]} f6 {[%clk 0:05:52]} 38. hxg5 {[%clk 0:37:00]} fxg5 {[%clk
0:06:16]} 39. Rh6 {[%clk 0:37:00]} h4+ {[%clk 0:06:39]} 40. Kg4 {[%clk 0:37:00]}
Be3 {[%clk 0:06:46]} 41. Rb6 {[%clk 0:37:00]} Kd4 {[%clk 0:06:34]} 42. Rd6+
{[%clk 0:35:00]} Ke5 {[%clk 0:05:32]} 43. Rd5+ {[%clk 0:34:00]} Kf6 {[%clk
0:06:01]} 44. Rf5+ {[%clk 0:34:00]} Kg7 {[%clk 0:05:54]} 45. Rxg5+ {[%clk
0:26:00]} Bxg5 {[%clk 0:06:22]} 46. Kxg5 {[%clk 0:27:00]} h3 {[%clk 0:06:41]} 47.
gxh3 {[%clk 0:27:00]} Re1 {[%clk 0:06:56]} 48. h4 {[%clk 0:20:00]} Rg1+ {[%clk
0:07:09]} 49. Kf5 {[%clk 0:20:00]} Kh6 {[%clk 0:07:31]} 50. Ke5 {[%clk 0:19:48]}
Rd1 {[%clk 0:07:52]} 51. f4 {[%clk 0:20:00]} Rd4 {[%clk 0:06:11]} 52. f5 {[%clk
0:19:45]} Kg7 {[%clk 0:05:04]} 53. f6+ {[%clk 0:19:20]} Kf8 {[%clk 0:05:47]} 54.
h5 {[%clk 0:19:48]} Rh4 {[%clk 0:05:47]} 55. Kd6 {[%clk 0:19:48]} Rxh5 {[%clk
0:05:47]} 56. f7 {[%clk 0:19:48]} Rg5 {[%clk 0:05:47]} 57. Bd5 {[%clk 0:19:48]}
Rg1 {[%clk 0:05:47]} 58. Kxc5 {[%clk 0:19:48]} Rc1+ {[%clk 0:05:47]} 59. Bc4
{[%clk 0:19:48]} Ra1 {[%clk 0:05:47]} 60. b4 {[%clk 0:19:48]} Rb1 {[%clk
0:05:47]} 61. b5 {[%clk 0:19:48]} Ke7 {[%clk 0:05:47]} 62. b6 {[%clk 0:19:48]}
Rb2 {[%clk 0:05:47]} 63. Kc6 {[%clk 0:19:48]} Rc2 {[%clk 0:05:47]} 64. Kb5 {[%clk
0:19:48]} 1-0

[Event "Campeonato España Sub 12"]
[Site "Salobreña"]
[Date "2017.07.13"]
[Round "6"]
[White "Roca Planas, Edgar"]
[Black "Perez Guerra, Raul"]
[Result "0-1"]
[Board "10"]
[WhiteClock "1:30"]
[WhiteElo "1578"]
[WhiteCountry "ESP"]
[WhiteFideId "24561290"]
[WhiteEloChange "-2"]
[BlackClock "1:30"]
[BlackElo "1951"]
[BlackCountry "ESP"]
[BlackFideId "32078188"]
[BlackEloChange "2"]

1. e4 {[%clk 1:30:00]} e6 {[%clk 1:30:00]} 2. d3 {[%clk 1:31:00]} d5 {[%clk
1:30:00]} 3. Nd2 {[%clk 1:31:00]} Nf6 {[%clk 1:30:00]} 4. Ngf3 {[%clk 1:31:00]}
b6 {[%clk 1:30:00]} 5. c3 {[%clk 1:23:00]} Be7 {[%clk 1:28:00]} 6. g3 {[%clk
1:23:00]} Ba6 {[%clk 1:25:00]} 7. Qc2 {[%clk 1:13:00]} Nbd7 {[%clk 1:19:00]} 8.
h3 {[%clk 1:03:00]} dxe4 {[%clk 1:18:00]} 9. dxe4 {[%clk 1:01:00]} Bxf1 {[%clk
1:18:00]} 10. Kxf1 {[%clk 0:56:00]} O-O {[%clk 0:57:00]} 11. Kg2 {[%clk 0:53:00]}
Nc5 {[%clk 0:56:00]} 12. Re1 {[%clk 0:49:00]} Qd3 {[%clk 0:49:00]} 13. Qxd3
{[%clk 0:46:00]} Nxd3 {[%clk 0:50:00]} 14. Re3 {[%clk 0:39:00]} Rfd8 {[%clk
0:46:00]} 15. Nd4 {[%clk 0:35:00]} Nxc1 {[%clk 0:44:00]} 16. Rxc1 {[%clk
0:34:00]} Bc5 {[%clk 0:43:00]} 17. N2f3 {[%clk 0:33:00]} Rd7 {[%clk 0:39:00]} 18.
b4 {[%clk 0:22:00]} Bf8 {[%clk 0:38:00]} 19. Ne5 {[%clk 0:20:00]} Rd6 {[%clk
0:38:00]} 20. Nec6 {[%clk 0:14:26]} Rd7 {[%clk 0:35:00]} 21. Ne5 {[%clk 0:14:09]}
Rdd8 {[%clk 0:34:00]} 22. Nec6 {[%clk 0:14:06]} Re8 {[%clk 0:34:00]} 23. Rd1
{[%clk 0:12:24]} a6 {[%clk 0:34:00]} 24. f4 {[%clk 0:11:53]} Nd7 {[%clk 0:30:00]}
25. e5 {[%clk 0:10:05]} b5 {[%clk 0:27:00]} 26. Red3 {[%clk 0:05:24]} Nb6 {[%clk
0:27:00]} 27. Nc2 {[%clk 0:04:44]} Nc4 {[%clk 0:26:00]} 28. Rd7 {[%clk 0:04:49]}
Rec8 {[%clk 0:25:00]} 29. Kf3 {[%clk 0:04:58]} a5 {[%clk 0:25:00]} 30. a3 {[%clk
0:03:25]} axb4 {[%clk 0:24:00]} 31. axb4 {[%clk 0:03:19]} Ra6 {[%clk 0:23:00]}
32. Ne7+ {[%clk 0:02:38]} Bxe7 {[%clk 0:22:00]} 33. Rxe7 {[%clk 0:03:03]} Nb6
{[%clk 0:22:00]} 34. Nd4 {[%clk 0:02:59]} Kf8 {[%clk 0:22:00]} 0-1

[Event "Campeonato España Sub 12"]
[Site "Salobreña"]
[Date "2017.07.13"]
[Round "6"]
[White "Maldonado Mena, German"]
[Black "Reguillaga Elias, Manex"]
[Result "0-1"]
[Board "11"]
[WhiteClock "n/a"]
[WhiteElo "1620"]
[WhiteCountry "ESP"]
[WhiteFideId "24516422"]
[WhiteEloChange "-5"]
[BlackClock "n/a"]
[BlackElo "1817"]
[BlackCountry "ESP"]
[BlackFideId "24516341"]
[BlackEloChange "5"]

1. d4 {[%clk 1:30:30]} Nf6 {[%clk 1:30:30]} 2. Nf3 {[%clk 1:30:30]} e6 {[%clk
1:30:30]} 3. Bf4 {[%clk 1:30:30]} b6 {[%clk 1:30:30]} 4. e3 {[%clk 1:30:30]} Bb7
{[%clk 1:30:30]} 5. Bd3 {[%clk 1:30:30]} c5 {[%clk 1:30:30]} 6. c3 {[%clk
1:30:30]} cxd4 {[%clk 1:30:30]} 7. exd4 {[%clk 1:30:30]} Ba6 {[%clk 1:30:30]} 8.
Bxa6 {[%clk 1:30:30]} Nxa6 {[%clk 1:30:30]} 9. h3 {[%clk 1:30:30]} Be7 {[%clk
1:30:30]} 10. O-O {[%clk 1:30:30]} O-O {[%clk 1:30:30]} 11. Nbd2 {[%clk 1:30:30]}
Nc7 {[%clk 1:30:30]} 12. Re1 {[%clk 1:30:30]} Ncd5 {[%clk 1:30:30]} 13. Bh2
{[%clk 1:30:30]} d6 {[%clk 1:30:30]} 14. a4 {[%clk 1:30:30]} a6 {[%clk 1:30:30]}
15. Qb3 {[%clk 1:30:30]} b5 {[%clk 1:30:30]} 16. axb5 {[%clk 1:30:30]} axb5
{[%clk 1:30:30]} 17. Ne4 {[%clk 1:30:30]} Nxe4 {[%clk 1:30:30]} 18. Rxa8 {[%clk
1:30:30]} Qxa8 {[%clk 1:30:30]} 19. Rxe4 {[%clk 1:30:30]} Nxc3 {[%clk 1:30:30]}
20. Re1 {[%clk 1:30:30]} Nd5 {[%clk 1:30:30]} 21. Qxb5 {[%clk 1:30:30]} Rb8
{[%clk 1:30:30]} 22. Qd7 {[%clk 1:30:30]} Qb7 {[%clk 1:30:30]} 23. Qxb7 {[%clk
1:30:30]} Rxb7 {[%clk 1:30:30]} 24. Ra1 {[%clk 1:30:30]} h6 {[%clk 1:30:30]} 25.
Nd2 {[%clk 1:30:30]} Rxb2 {[%clk 1:30:30]} 26. Nc4 {[%clk 1:30:30]} Rb4 {[%clk
1:30:30]} 27. Rc1 {[%clk 1:30:30]} Nc3 {[%clk 1:30:30]} 28. Bxd6 {[%clk 1:30:30]}
Ne2+ {[%clk 1:30:30]} 29. Kf1 {[%clk 1:30:30]} Nxc1 {[%clk 1:30:30]} 30. Bxb4
{[%clk 1:30:30]} Bxb4 {[%clk 1:30:30]} 31. Ne3 {[%clk 1:30:30]} Bd2 {[%clk
1:30:30]} 32. Nc2 {[%clk 1:30:30]} Bc3 {[%clk 1:30:30]} 33. f3 {[%clk 1:30:30]}
Nb3 {[%clk 1:30:30]} 34. Ne3 {[%clk 1:30:30]} Bxd4 {[%clk 1:30:30]} 35. Nc4
{[%clk 1:30:30]} Kf8 {[%clk 1:30:30]} 36. Ke2 {[%clk 1:30:30]} Ke7 {[%clk
1:30:30]} 37. Kd3 {[%clk 1:30:30]} Kf6 {[%clk 1:30:30]} 38. Kc2 {[%clk 1:30:30]}
Nc5 {[%clk 1:30:30]} 39. g4 {[%clk 1:30:30]} Kg5 {[%clk 1:30:30]} 40. Nd6 {[%clk
1:30:30]} Kf4 {[%clk 1:30:30]} 41. Nxf7 {[%clk 1:30:30]} Kxf3 {[%clk 1:30:30]}
42. g5 {[%clk 1:30:30]} h5 {[%clk 1:30:30]} 43. g6 {[%clk 1:30:30]} e5 {[%clk
1:30:30]} 44. Ng5+ {[%clk 1:30:30]} Kf4 {[%clk 1:30:30]} 45. Nh7 {[%clk 1:30:30]}
e4 {[%clk 1:30:30]} 0-1

[Event "Campeonato España Sub 12"]
[Site "Salobreña"]
[Date "2017.07.13"]
[Round "6"]
[White "Sanchez Lopez, Jesus"]
[Black "Aguado Doncel, Pablo Luis"]
[Result "1/2-1/2"]
[Board "12"]
[WhiteClock "1:30"]
[WhiteElo "1606"]
[WhiteCountry "ESP"]
[WhiteFideId "24500011"]
[WhiteEloChange "4"]
[BlackClock "1:30"]
[BlackElo "1766"]
[BlackCountry "ESP"]
[BlackFideId "24538256"]
[BlackEloChange "-4"]

1. e4 {[%clk 1:30:00]} e5 {[%clk 1:30:00]} 2. Nc3 {[%clk 1:31:00]} Nf6 {[%clk
1:31:00]} 3. g3 {[%clk 1:31:00]} Bc5 {[%clk 1:29:00]} 4. Bg2 {[%clk 1:29:00]} d6
{[%clk 1:28:00]} 5. Nf3 {[%clk 1:25:00]} O-O {[%clk 1:27:00]} 6. O-O {[%clk
1:22:00]} Nc6 {[%clk 1:26:00]} 7. d3 {[%clk 1:22:00]} h6 {[%clk 1:26:00]} 8. Na4
{[%clk 1:21:00]} Bb6 {[%clk 1:24:00]} 9. Nxb6 {[%clk 1:21:00]} axb6 {[%clk
1:24:00]} 10. Bd2 {[%clk 1:19:00]} Be6 {[%clk 1:24:00]} 11. Re1 {[%clk 1:09:00]}
Qd7 {[%clk 1:23:00]} 12. Bc3 {[%clk 1:07:00]} Rfe8 {[%clk 1:14:00]} 13. a3 {[%clk
1:01:00]} Bg4 {[%clk 1:13:00]} 14. Qd2 {[%clk 0:58:00]} Bh3 {[%clk 1:10:00]} 15.
Bh1 {[%clk 0:54:00]} d5 {[%clk 1:08:00]} 16. exd5 {[%clk 0:53:00]} Nxd5 {[%clk
1:04:00]} 17. Nxe5 {[%clk 0:48:00]} Nxe5 {[%clk 1:04:00]} 18. Bxe5 {[%clk
0:47:00]} f6 {[%clk 1:03:00]} 19. Bc3 {[%clk 0:43:00]} Nxc3 {[%clk 1:03:00]} 20.
Qxc3 {[%clk 0:43:00]} c6 {[%clk 1:03:00]} 21. Qb3+ {[%clk 0:42:00]} Re6 {[%clk
1:03:00]} 22. Bg2 {[%clk 0:39:00]} Bf5 {[%clk 1:02:00]} 23. Re3 {[%clk 0:37:00]}
Re8 {[%clk 1:02:00]} 24. Rae1 {[%clk 0:36:00]} Kh7 {[%clk 1:02:00]} 25. Rxe6
{[%clk 0:35:00]} Rxe6 {[%clk 1:02:00]} 26. Rxe6 {[%clk 0:36:00]} Qxe6 {[%clk
1:03:00]} 27. Qxe6 {[%clk 0:35:00]} Bxe6 {[%clk 1:03:00]} 28. Kf1 {[%clk
0:35:00]} Kg6 {[%clk 1:03:00]} 29. Ke2 {[%clk 0:35:00]} Bd7 {[%clk 1:03:00]} 30.
Ke3 {[%clk 0:35:00]} f5 {[%clk 1:03:00]} 31. f4 {[%clk 0:32:00]} Kf6 {[%clk
1:04:00]} 32. d4 {[%clk 0:29:00]} Ke6 {[%clk 1:04:00]} 33. Kd3 {[%clk 0:29:00]}
Kd6 {[%clk 1:04:00]} 34. b4 {[%clk 0:27:00]} b5 {[%clk 1:04:00]} 35. Bf3 {[%clk
0:23:00]} g6 {[%clk 1:04:00]} 36. h4 {[%clk 0:23:00]} h5 {[%clk 1:04:00]} 1/2-1/2

[Event "Campeonato España Sub 12"]
[Site "Salobreña"]
[Date "2017.07.13"]
[Round "6"]
[White "Lopez Varela, Pablo"]
[Black "Santos Burkholz, Mario"]
[Result "1-0"]
[Board "13"]
[WhiteClock "1:30"]
[WhiteElo "1724"]
[WhiteCountry "ESP"]
[WhiteFideId "32092105"]
[WhiteEloChange "6"]
[BlackClock "1:30"]
[BlackElo "1591"]
[BlackCountry "ESP"]
[BlackFideId "32099037"]
[BlackEloChange "-6"]

1. e4 {[%clk 1:30:00]} e6 {[%clk 1:30:00]} 2. d3 {[%clk 1:31:00]} d5 {[%clk
1:31:00]} 3. Nd2 {[%clk 1:31:00]} c5 {[%clk 1:31:00]} 4. g3 {[%clk 1:32:00]} Bd6
{[%clk 1:31:00]} 5. Bg2 {[%clk 1:32:00]} Ne7 {[%clk 1:31:00]} 6. f4 {[%clk
1:32:00]} f6 {[%clk 1:31:00]} 7. Ngf3 {[%clk 1:27:00]} Nbc6 {[%clk 1:31:00]} 8.
O-O {[%clk 1:27:00]} O-O {[%clk 1:32:00]} 9. Re1 {[%clk 1:27:00]} Qc7 {[%clk
1:32:00]} 10. Nf1 {[%clk 1:26:00]} d4 {[%clk 1:31:00]} 11. Nh4 {[%clk 1:23:00]}
e5 {[%clk 1:28:00]} 12. f5 {[%clk 1:21:00]} b5 {[%clk 1:26:00]} 13. g4 {[%clk
1:19:00]} h6 {[%clk 1:05:00]} 14. Ng3 {[%clk 1:11:00]} Bd7 {[%clk 1:02:00]} 15.
Nf3 {[%clk 1:03:00]} Rfd8 {[%clk 0:48:00]} 16. h4 {[%clk 1:01:00]} Nc8 {[%clk
0:47:00]} 17. Kf2 {[%clk 0:58:00]} Kf7 {[%clk 0:42:00]} 18. g5 {[%clk 0:56:00]}
hxg5 {[%clk 0:42:00]} 19. hxg5 {[%clk 0:55:00]} Rh8 {[%clk 0:41:00]} 20. Rh1
{[%clk 0:55:00]} Nb6 {[%clk 0:42:00]} 21. Nh5 {[%clk 0:49:00]} Rag8 {[%clk
0:37:00]} 22. g6+ {[%clk 0:46:00]} Ke7 {[%clk 0:31:00]} 23. Nxg7 {[%clk 0:45:00]}
Rxh1 {[%clk 0:30:00]} 24. Qxh1 {[%clk 0:45:00]} Rxg7 {[%clk 0:31:00]} 25. Qh8
{[%clk 0:46:00]} Rf7 {[%clk 0:29:00]} 26. gxf7 {[%clk 0:46:00]} Kxf7 {[%clk
0:30:00]} 27. Bh6 {[%clk 0:45:00]} Qd8 {[%clk 0:29:00]} 28. Ng5+ {[%clk 0:43:00]}
fxg5 {[%clk 0:29:00]} 29. Qg7+ {[%clk 0:43:00]} Ke8 {[%clk 0:29:00]} 30. Qg8+
{[%clk 0:43:00]} 1-0

[Event "Campeonato España Sub 12"]
[Site "Salobreña"]
[Date "2017.07.13"]
[Round "6"]
[White "Simonyan, Arturo"]
[Black "Pedchenko, Alex"]
[Result "0-1"]
[Board "14"]
[WhiteClock "1:30"]
[WhiteElo "1597"]
[WhiteCountry "RUS"]
[WhiteFideId "44130023"]
[WhiteEloChange "-6"]
[BlackClock "1:30"]
[BlackElo "1734"]
[BlackCountry "ESP"]
[BlackFideId "24522732"]
[BlackEloChange "6"]

1. e4 {[%clk 1:30:00]} d6 {[%clk 1:30:00]} 2. d4 {[%clk 1:31:00]} g6 {[%clk
1:31:00]} 3. c3 {[%clk 1:31:00]} Bg7 {[%clk 1:31:00]} 4. Nf3 {[%clk 1:31:00]} Nf6
{[%clk 1:31:00]} 5. Bd3 {[%clk 1:32:00]} O-O {[%clk 1:31:00]} 6. O-O {[%clk
1:32:00]} Nc6 {[%clk 1:30:00]} 7. h3 {[%clk 1:29:00]} h6 {[%clk 1:28:00]} 8. Re1
{[%clk 1:27:00]} e5 {[%clk 1:28:00]} 9. Be3 {[%clk 1:27:00]} Nd7 {[%clk 1:26:00]}
10. Qd2 {[%clk 1:17:00]} Kh7 {[%clk 1:25:00]} 11. g4 {[%clk 1:12:00]} Nb6 {[%clk
1:17:00]} 12. d5 {[%clk 1:10:00]} Ne7 {[%clk 1:17:00]} 13. a4 {[%clk 1:11:00]}
Bd7 {[%clk 1:14:00]} 14. a5 {[%clk 1:09:00]} Nbc8 {[%clk 1:14:00]} 15. g5 {[%clk
1:06:00]} hxg5 {[%clk 1:03:00]} 16. Nxg5+ {[%clk 1:06:00]} Kg8 {[%clk 1:03:00]}
17. f4 {[%clk 1:05:00]} f6 {[%clk 1:00:00]} 18. Ne6 {[%clk 1:05:00]} Bxe6 {[%clk
1:00:00]} 19. dxe6 {[%clk 1:06:00]} f5 {[%clk 0:54:00]} 20. Rf1 {[%clk 0:59:00]}
fxe4 {[%clk 0:51:00]} 21. Bxe4 {[%clk 0:59:00]} d5 {[%clk 0:51:00]} 22. Bc2
{[%clk 0:57:00]} Qd6 {[%clk 0:48:00]} 23. c4 {[%clk 0:48:00]} Qxe6 {[%clk
0:42:00]} 24. cxd5 {[%clk 0:49:00]} Qxh3 {[%clk 0:42:00]} 25. Nc3 {[%clk
0:48:00]} Nd6 {[%clk 0:37:00]} 26. b3 {[%clk 0:43:00]} exf4 {[%clk 0:34:00]} 27.
Bd4 {[%clk 0:43:00]} Qg3+ {[%clk 0:31:00]} 28. Kh1 {[%clk 0:43:00]} Bxd4 {[%clk
0:30:00]} 29. Qxd4 {[%clk 0:43:00]} Rf7 {[%clk 0:30:00]} 0-1

[Event "Campeonato España Sub 12"]
[Site "Salobreña"]
[Date "2017.07.13"]
[Round "6"]
[White "Mendoza Barcia, Pedro"]
[Black "Perez Garcia, Jimena"]
[Result "0-1"]
[Board "15"]
[WhiteClock "1:30"]
[WhiteElo "1743"]
[WhiteCountry "ESP"]
[WhiteFideId "32055641"]
[WhiteEloChange "-15"]
[BlackClock "1:30"]
[BlackElo "1551"]
[BlackCountry "ESP"]
[BlackFideId "24517127"]
[BlackEloChange "15"]

1. e4 {[%clk 1:30:00]} c5 {[%clk 1:30:00]} 2. Nf3 {[%clk 1:31:00]} d6 {[%clk
1:31:00]} 3. d4 {[%clk 1:31:00]} cxd4 {[%clk 1:31:00]} 4. Nxd4 {[%clk 1:32:00]}
Nf6 {[%clk 1:32:00]} 5. Nc3 {[%clk 1:32:00]} a6 {[%clk 1:32:00]} 6. f4 {[%clk
1:32:00]} e5 {[%clk 1:31:00]} 7. Nf3 {[%clk 1:33:00]} Nbd7 {[%clk 1:29:00]} 8. a4
{[%clk 1:32:00]} Be7 {[%clk 1:28:00]} 9. Bd3 {[%clk 1:32:00]} O-O {[%clk
1:25:00]} 10. O-O {[%clk 1:33:00]} exf4 {[%clk 1:23:00]} 11. Kh1 {[%clk 1:33:00]}
Nc5 {[%clk 1:18:00]} 12. Bxf4 {[%clk 1:33:00]} Ne6 {[%clk 1:17:00]} 13. Be3
{[%clk 1:32:00]} Ng4 {[%clk 1:15:00]} 14. Bg1 {[%clk 1:27:00]} Nf4 {[%clk
1:00:00]} 15. Nd5 {[%clk 1:13:00]} Nh5 {[%clk 0:51:00]} 16. Nd4 {[%clk 0:54:00]}
Nhf6 {[%clk 0:40:00]} 17. Nf5 {[%clk 0:50:00]} Re8 {[%clk 0:34:00]} 18. Nfxe7+
{[%clk 0:39:00]} Rxe7 {[%clk 0:34:00]} 19. Nxe7+ {[%clk 0:40:00]} Qxe7 {[%clk
0:35:00]} 20. h3 {[%clk 0:38:00]} Ne5 {[%clk 0:34:00]} 21. Bd4 {[%clk 0:35:00]}
Bd7 {[%clk 0:30:00]} 22. b3 {[%clk 0:27:00]} Bc6 {[%clk 0:28:00]} 23. Qe2 {[%clk
0:22:00]} Re8 {[%clk 0:25:00]} 24. Rae1 {[%clk 0:21:00]} Ned7 {[%clk 0:25:00]}
25. Bxf6 {[%clk 0:17:33]} Nxf6 {[%clk 0:25:00]} 26. Kg1 {[%clk 0:17:51]} Kf8
{[%clk 0:20:00]} 27. Rf3 {[%clk 0:14:30]} Qe5 {[%clk 0:16:57]} 28. Rf5 {[%clk
0:12:10]} Qe6 {[%clk 0:15:50]} 29. e5 {[%clk 0:04:30]} Qd5 {[%clk 0:12:31]} 30.
Bc4 {[%clk 0:03:21]} Qd4+ {[%clk 0:12:17]} 31. Kh1 {[%clk 0:03:46]} Qh4 {[%clk
0:10:45]} 32. Kh2 {[%clk 0:03:26]} dxe5 {[%clk 0:09:18]} 33. Rxe5 {[%clk
0:03:18]} Rxe5 {[%clk 0:09:43]} 34. Qd1 {[%clk 0:00:37]} Qxe1 {[%clk 0:08:38]}
35. Qd8+ {[%clk 0:00:37]} Re8 {[%clk 0:08:58]} 36. Qd6+ {[%clk 0:01:06]} Qe7
{[%clk 0:09:20]} 37. Qd2 {[%clk 0:01:16]} Qe5+ {[%clk 0:09:44]} 38. g3 {[%clk
0:01:41]} Kg8 {[%clk 0:09:29]} 39. Bf1 {[%clk 0:00:45]} Qe3 {[%clk 0:09:25]} 40.
Qxe3 {[%clk 0:00:46]} Rxe3 {[%clk 0:09:49]} 41. a5 {[%clk 0:00:57]} Re1 {[%clk
0:10:03]} 42. Kg1 {[%clk 0:01:26]} Ne4 {[%clk 0:10:16]} 43. c4 {[%clk 0:01:07]}
Nd2 {[%clk 0:10:30]} 44. Kf2 {[%clk 0:01:26]} Rxf1+ {[%clk 0:10:40]} 45. Ke2
{[%clk 0:01:49]} Rf3 {[%clk 0:11:00]} 46. Kxd2 {[%clk 0:01:46]} Rxg3 {[%clk
0:11:25]} 47. Kc2 {[%clk 0:02:10]} Rxh3 {[%clk 0:11:48]} 48. Kb2 {[%clk 0:02:40]}
f5 {[%clk 0:12:12]} 49. Ka3 {[%clk 0:02:53]} f4 {[%clk 0:12:36]} 50. Kb4 {[%clk
0:02:39]} f3 {[%clk 0:13:01]} 51. Kc5 {[%clk 0:02:53]} f2 {[%clk 0:13:26]} 52. b4
{[%clk 0:03:24]} f1Q {[%clk 0:13:46]} 53. Kb6 {[%clk 0:01:57]} Qxc4 {[%clk
0:13:56]} 54. b5 {[%clk 0:01:39]} Qxb5+ {[%clk 0:13:56]} 55. Ka7 {[%clk 0:02:04]}
Rd3 {[%clk 0:14:03]} 56. Kb8 {[%clk 0:01:59]} Rd8+ {[%clk 0:14:27]} 57. Kc7
{[%clk 0:02:14]} Qxa5# {[%clk 0:14:27]} 0-1

[Event "Campeonato España Sub 12"]
[Site "Salobreña"]
[Date "2017.07.13"]
[Round "6"]
[White "Jimenez Munoz, Nicolas"]
[Black "Bellon Solsona, Nicolas"]
[Result "1/2-1/2"]
[Board "16"]
[WhiteClock "1:30"]
[WhiteElo "1709"]
[WhiteCountry "ESP"]
[WhiteFideId "32092172"]
[WhiteEloChange "-6"]
[BlackClock "1:30"]
[BlackElo "1458"]
[BlackCountry "ESP"]
[BlackFideId "24528382"]
[BlackEloChange "6"]

1. e4 {[%clk 1:30:00]} c5 {[%clk 1:30:00]} 2. d4 {[%clk 1:31:00]} cxd4 {[%clk
1:31:00]} 3. c3 {[%clk 1:31:00]} dxc3 {[%clk 1:31:00]} 4. Nxc3 {[%clk 1:32:00]}
e6 {[%clk 1:31:00]} 5. Nf3 {[%clk 1:32:00]} a6 {[%clk 1:31:00]} 6. Bc4 {[%clk
1:32:00]} Nc6 {[%clk 1:31:00]} 7. O-O {[%clk 1:32:00]} b5 {[%clk 1:30:00]} 8. Bb3
{[%clk 1:32:00]} Nge7 {[%clk 1:27:00]} 9. Bg5 {[%clk 1:28:00]} Qc7 {[%clk
1:21:00]} 10. Rc1 {[%clk 1:27:00]} Qb8 {[%clk 1:20:00]} 11. Qe2 {[%clk 1:25:00]}
Ng6 {[%clk 1:18:00]} 12. Rfd1 {[%clk 1:19:00]} Be7 {[%clk 1:15:00]} 13. Bxe7
{[%clk 1:12:00]} Ngxe7 {[%clk 1:12:00]} 14. e5 {[%clk 1:03:00]} Ng6 {[%clk
1:04:00]} 15. Re1 {[%clk 1:03:00]} O-O {[%clk 1:04:00]} 16. Bc2 {[%clk 1:01:00]}
Nce7 {[%clk 0:51:00]} 17. Rcd1 {[%clk 0:59:00]} Rd8 {[%clk 0:42:00]} 18. Be4
{[%clk 0:51:00]} Bb7 {[%clk 0:40:00]} 19. Bxb7 {[%clk 0:45:00]} Qxb7 {[%clk
0:40:00]} 20. Ne4 {[%clk 0:44:00]} Qa7 {[%clk 0:34:00]} 21. Nd6 {[%clk 0:42:00]}
Nc8 {[%clk 0:24:00]} 22. Ng5 {[%clk 0:35:00]} Nxd6 {[%clk 0:19:56]} 23. Rxd6
{[%clk 0:36:00]} h6 {[%clk 0:19:29]} 24. Nh3 {[%clk 0:33:00]} Rac8 {[%clk
0:15:38]} 25. b4 {[%clk 0:29:00]} Qb7 {[%clk 0:13:27]} 26. Red1 {[%clk 0:27:00]}
Rc6 {[%clk 0:11:14]} 27. f4 {[%clk 0:25:00]} Rxd6 {[%clk 0:09:45]} 28. Rxd6
{[%clk 0:26:00]} Ne7 {[%clk 0:10:03]} 29. Rd3 {[%clk 0:22:00]} Rc8 {[%clk
0:09:13]} 30. Qd2 {[%clk 0:19:26]} Rc7 {[%clk 0:08:36]} 31. a3 {[%clk 0:19:26]}
1/2-1/2